al-Mahdāwī :

محفوظ في:

المؤلف الرئيسي: الحاج صادرق البغدادى.

التنسيق: كتاب

اللغة: Undetermined

منشور في: not identified not identified 1959

سلاسل: كتب قومية

الوسوم: إضافة وسم

لا توجد وسوم, كن أول من يضع وسما على هذه التسجيلة!

رقم الطلب: A99 BACH

LEADER 00394nam a2200133Ia 4500
008 240404s9999||||xx |||||||||||||| ||und||
050 4 |a A99 BACH 
100 1 |a الحاج صادرق البغدادى. 
245 1 0 |a al-Mahdāwī :  |c الحاج صادرق البغدادى 
264 1 |a not identified  |b not identified  |c 1959 
300 |a 63  |c 19 
490 0 |a كتب قومية 
942 |2 lcc  |c BK 
999 |c 58033  |d 58033